Pesticide user's health and safety handbook
Salvato in:
| Autore principale: | |
|---|---|
| Natura: | Libro |
| Lingua: | Undetermined |
| Pubblicazione: |
Cambridge
Cambridge Univ. Press
1988
|
| Soggetti: | |
| Tags: |
Aggiungi Tag
Nessun Tag, puoi essere il primo ad aggiungerne! !
|
| Thư viện lưu trữ: | Trung tâm Học liệu Trường Đại học Cần Thơ |
|---|
| LEADER | 00594nam a2200181Ia 4500 | ||
|---|---|---|---|
| 001 | CTU_21838 | ||
| 008 | 210402s9999 xx 000 0 und d | ||
| 082 | |a 632.950289 | ||
| 082 | |b W344 | ||
| 100 | |a Andrew Watterson | ||
| 245 | 0 | |a Pesticide user's health and safety handbook | |
| 245 | 0 | |c Andrew Watterson | |
| 260 | |a Cambridge | ||
| 260 | |b Cambridge Univ. Press | ||
| 260 | |c 1988 | ||
| 650 | |a agricultural chemicals,agricultural pollution,agriculture - environmental aspects,pesticides,rural health | ||
| 904 | |i Minh, 980122 | ||
| 980 | |a Trung tâm Học liệu Trường Đại học Cần Thơ | ||